रस मीमांसा / (Record no. 121902)

MARC details
000 -LEADER
fixed length control field 01236nam a22002777a 4500
005 - DATE AND TIME OF LATEST TRANSACTION
control field 20170124103222.0
010 ## - LIBRARY OF CONGRESS CONTROL NUMBER
LC control number 134645
020 ## - INTERNATIONAL STANDARD BOOK NUMBER
Terms of availability 7.00
035 ## - SYSTEM CONTROL NUMBER
System control number 134645
037 ## - SOURCE OF ACQUISITION
Source of stock number/acquisition Cen Lib/Ret
040 ## - CATALOGING SOURCE
Original cataloging agency DPL
Language of cataloging HN
082 ## - DEWEY DECIMAL CLASSIFICATION NUMBER
Classification number 279.58
Item number शुक्ल
100 ## - MAIN ENTRY--PERSONAL NAME
Personal name शुक्ल, रामचंद्र
9 (RLIN) 112042
245 ## - TITLE STATEMENT
Title रस मीमांसा /
Statement of responsibility, etc रामचंद्र शुक्ल ;सम्पादक विश्वनाथ प्रसाद मिश्र
246 ## - VARYING FORM OF TITLE
Title proper/short title Ras Mimansa
Remainder of title by Ramchandra Shukal ;sampadak visvnathprasad Mishr
260 ## - PUBLICATION, DISTRIBUTION, ETC. (IMPRINT)
Place of publication, distribution, etc काशी
Name of publisher, distributor, etc नागिरिणी प्रचारिणी सभा
Date of publication, distribution, etc 2011
270 ## - ADDRESS
Address काशी
City काशी
300 ## - PHYSICAL DESCRIPTION
Extent 491पृष्ठ.
Dimensions 18सजिल्द
500 ## - GENERAL NOTE
General note अनुक्रमणिका शामिल
650 ## - SUBJECT ADDED ENTRY--TOPICAL TERM
Topical term or geographic name as entry element हिंदी साहित्य
9 (RLIN) 112043
650 ## - SUBJECT ADDED ENTRY--TOPICAL TERM
Topical term or geographic name as entry element इतिहास-हिंदी
9 (RLIN) 112044
650 ## - SUBJECT ADDED ENTRY--TOPICAL TERM
Topical term or geographic name as entry element हिंदी लिटरेचर
9 (RLIN) 112045
650 ## - SUBJECT ADDED ENTRY--TOPICAL TERM
Topical term or geographic name as entry element हिंदी का इतिहास
9 (RLIN) 2124
700 ## - ADDED ENTRY--PERSONAL NAME
Personal name मिश्र, विश्वनाथ प्रसाद
9 (RLIN) 42583
942 ## - ADDED ENTRY ELEMENTS (KOHA)
Source of classification or shelving scheme Dewey Decimal Classification
Koha item type Hindi Books
Classification part 279.58
Call number suffix शुक्ल
Holdings
Withdrawn status Lost status Damaged status Not for loan Home library Current library Date acquired Source of acquisition Cost, normal purchase price Total Checkouts Total Renewals Full call number Barcode Date last seen Date checked out Copy number Cost, replacement price Price effective from Koha item type
        Central Library Central Library 21/12/2015 Cen Lib/Ret 7.00 3 1 279.58 शुक्ल 134645 03/03/2022 19/01/2022 1 7.00 21/12/2015 Hindi Books

© Delhi Public Library
Hit Counter
free hit counter